Свастика: священный символ: Этнорелигиоведческие очерки

Détails bibliographiques
Auteur principal: Багдасаров Р. Роман
Langue:russe
Publié: Москва, Белые альвы, 2001
Sujets:
Format: Livre
KOHA link:https://koha.lib.tpu.ru/cgi-bin/koha/opac-detail.pl?biblionumber=60935

MARC

LEADER 00000nam0a2200000 4500
001 60935
005 20231101211920.0
010 |a 5761901366 
035 |a (RuTPU)RU\TPU\book\64441 
090 |a 60935 
100 |a 20040225d2001 km y0rusy50 ca 
101 0 |a rus 
102 |a RU 
105 |a a z 001zy 
200 1 |a Свастика: священный символ  |e Этнорелигиоведческие очерки  |f Р. Багдасаров 
210 |a Москва  |c Белые альвы  |d 2001 
215 |a 430 с.  |c ил. 
320 |a Библиогр.: с. 265-288 
606 1 |a Символика  |2 stltpush  |3 (RuTPU)RU\TPU\subj\52466  |9 70892 
606 1 |a Символика  |x Искусство  |2 stltpush  |3 (RuTPU)RU\TPU\subj\54826  |9 72907 
610 1 |a источниковедение 
610 1 |a религия 
610 1 |a этнография 
610 1 |a свастика 
610 1 |a культура 
675 |a 7.045  |v 3 
686 |a Т215  |v LBC/SL-A  |2 rubbk 
700 1 |a Багдасаров  |b Р.  |g Роман 
801 1 |a RU  |b 63413507  |c 20040225  |g PSBO 
801 2 |a RU  |b 63413507  |c 20230203  |g RCR 
942 |c BK